Statistics for Fallout 3 Quiz

Click here to take the quiz!

General Stats

  • This quiz has been taken 301 times
    (285 since last reset)
  • The average score is 24 of 36

Answer Stats

HintAnswer% Correct
How many Bobbleheads are there to collect?20
99%
When was Fallout 3 released?2008
92%
What is the Vault that you grow up in?Vault 101
92%
How old are you upon exiting the vault?19
91%
What is the name of the attributes system?S.P.E.C.I.A.L
90%
Luck
87%
Name the attributes.Strength
87%
Perception
85%
Charisma
84%
Intelligence
84%
Agility
83%
Endurance
82%
Which radio station is ran by Three Dog?Galaxy News Radio
80%
Name your best friend.Amata
76%
What is the name of your father?James
75%
The Pitt
71%
How many Nuka Cola Quantumn must be collected for Sierra Petrovita?30
70%
Mothership Zeta
69%
What is the name that NPCs refer to you as?Lone Wanderer
67%
What is the tag-line for the Fallout series?War, War Never Changes
67%
Name the Enclave main base.Raven Rock
64%
Broken Steel
63%
Name the BoS robot who aids you.Liberty Prime
62%
Name the add-ons for the game.Operation Anchorage
62%
Name the leader of the Brotherhood of Steel.Owyn Lyons
62%
Point Lookout
62%
What is the name of the Vault-Tec mascotVault Boy
62%
When is the game set?2277
58%
How does your mother die?Childbirth
54%
Which simulator you enter in search of you father?Tranquility Lane
53%
Name the vault that has been overrun by Gary clones.Vault 108
43%
Who owns the runaway android, pursued from the Commonwealth?Dr Zimmer
36%
What does V.A.T.S stand for?Vault-Tec Assisted Targeting System
33%
Name the location infested with deathclaws.Old Olney
31%
Which gun can be rewarded for retrieving the Soil Stadivarius?Blackhawk
27%
Name the overseer of your vault.Alphonse Almodovar
16%

Score Distribution

Percentile by Number Answered

Percent of People with Each Score

Your Score History

You have not taken this quiz since the last reset